Skład Rakowa Częstochowa 2025/26 - Statystyki

Ogólne statystyki
  • Ten quiz został rozwiązany 48 razy
  • Średni wynik to 14 z 31
Statystyki odpowiedzi
Kraj Zawodnik % Poprawnych
Polska Kacper Trelowski
89%
Chorwacja Fran Tudor
81%
Grecja Stratos Svarnas
81%
Polska Marek Papszun
78%
Norwegia Jonathan Braut Brunes
76%
Kenia Erick Otieno
70%
Polska, Ghana Michael Ameyaw
70%
Rumunia, Francja Bogdan Racovitan
62%
Polska Oskar Repka
62%
Chorwacja Zoran Arsenić
62%
Polska Patryk Makuch
59%
Francja, Gujana Lamine Diaby-Fadiga
57%
Brazylia Adriano Amorim
54%
Polska Ariel Mosór
54%
Polska Karol Struski
51%
Portugalia, Brazylia Leonardo Rocha
51%
Kolumbia Jesus Diaz
49%
Szwecja Gustav Berggren
46%
Senegal Ibrahima Seck
43%
Brazylia, Hiszpania Jean Carlos Silva
35%
Serbia Srdjan Plavsić
35%
Ukraina Władysław Koczerhin
30%
Polska Jakub Mądrzyk
27%
BiH Muhamed Sahinović
27%
Grecja Apostolos Konstantopoulos
19%
Polska, USA, Senegal Adam Basse
11%
Polska Jakub Myszor
11%
Polska Kacper Nowakowski
8%
Polska Antoni Burkiewicz
5%
Polska (trener) Tomasz Walczak
5%
Polska Tobiasz Mras
0%
Nie znaleziono quizów pasujących do podanych kryteriów
Rozkład punktacji
Procent ludzi z każdym wynikiem
Percentyl według liczby udzielonych odpowiedzi
Twoja historia wyników
Nie rozwiązałeś tego quizu